Online
Catalog
Normal view MARC view

Entry Nombre corporativo

Number of records used in: 17

001 - NÚMERO DE CONTROL

  • campo de control: 73226

003 - IDENTIFICADOR DEL NÚMERO DE CONTROL

  • campo de control: BNPHU

005 - FECHA Y HORA DE LA ÚLTIMA TRANSACCIÓN

  • campo de control: 20240311204353.0

008 - DATOS DE LONGITUD FIJA

  • campo de control de longitud fija: 200615|| aca||aabn | a|a d

010 ## - NÚMERO DE CONTROL DE LA BIBLIOTECA DEL CONGRESO

  • Número de control de LC: n 81090827

040 ## - FUENTE DE LA CATALOGACIÓN

  • Centro catalogador/agencia de origen: DO-SdBNP
  • Lengua de catalogación: spa
  • Centro/agencia transcriptor: BNPHU
  • Normas de descripción: rda

110 20 - ENCABEZAMIENTO-NOMBRE DE ENTIDAD CORPORATIVA

  • Nombre de entidad corporativa o nombre de jurisdicción como elemento de entrada: Instituto de Capacitación Tributaria (República Dominicana)

370 ## - LUGAR ASOCIADO

  • Lugar de nacimiento: República Dominicana

410 10 - TRAZADO DE VÉASE--NOMBRE DE ENTIDAD CORPORATIVA

  • Nombre de entidad corporativa o nombre de jurisdicción como elemento de entrada: República Dominicana.
  • Unidad subordinada: Instituto de Capacitación Tributaria

410 10 - TRAZADO DE VÉASE--NOMBRE DE ENTIDAD CORPORATIVA

  • Nombre de entidad corporativa o nombre de jurisdicción como elemento de entrada: República Dominicana.
  • Unidad subordinada: Secretaría de Estado de Finanzas.
  • Unidad subordinada: Instituto de Capacitación Tributaria

410 10 - TRAZADO DE VÉASE--NOMBRE DE ENTIDAD CORPORATIVA

  • Nombre de entidad corporativa o nombre de jurisdicción como elemento de entrada: INCAT

410 10 - TRAZADO DE VÉASE--NOMBRE DE ENTIDAD CORPORATIVA

  • Nombre de entidad corporativa o nombre de jurisdicción como elemento de entrada: I.N.C.A.T.

670 ## - FUENTE DE DATOS ENCONTRADOS

  • Cita de la fuente: Ross, Jaime 73225, Instrumentos tributarios de financiamientos coadyuvantes a la producción agraria de alimentos /, 1983.

670 ## - FUENTE DE DATOS ENCONTRADOS

  • Cita de la fuente: República Dominicana. Depart. de Normas y Polít. Fisc. Anteproyecto de Ley de aduanas ... 1980
  • Información encontrada: Cubierta (Instituto de Capacitación Tributaria de la Secretaría de Estado de Finanzas; Santo Domingo, R.D.)

670 ## - FUENTE DE DATOS ENCONTRADOS

  • Cita de la fuente: República Dominicana. Aprovisionamiento del gobierno, 1981:
  • Información encontrada: Portada . (INCAT, Instituto de Capacitación Tributaria)

Powered by Koha